Conference League Sieger - Sudden Death - Statistiken

Allgemein
  • Dieses Quiz wurde 2.114 mal gespielt
    49 seit der letzten Aktualisierung
  • Das Durchschnittsergebnis liegt bei 3 aus 6
Answers on the Grid
Answers color-coded by a green-red scale on the quiz's grid according to % correct below.
1 (richtig)
AC Florenz
AEK Athen
APOEL Nikosia
AS Rom
Aston Villa
Athletic Bilbao
AZ Alkmaar
Besiktas Istanbul
Betis Sevilla
Club Brügge
Crystal Palace
Djurgardens IF
Dynamo Kiew
Eintracht Frankfurt
FC Basel
FC Chelsea
FC Torino
FC Villareal
Fenerbahce Istanbul
Ferencvaros Budapest
Feyernoord Rotterdam
Hamburger SV
Malmö FF
Olympiakos Piräus
Rapid Wien
RB Salzburg
SC Freiburg
Slavia Prag
Slovan Bratislava
Tottenham Hotspurs
West Ham United
ZSKA Sofia
 
Antwortstatistiken
Antwort % Korrekt
1 (richtig)
67%
AS Rom
67%
Crystal Palace
50%
Olympiakos Piräus
50%
West Ham United
47%
FC Chelsea
44%
Keine übereinstimmenden Quizze gefunden
Verteilung der Resultate
Anzahl Personen mit jedem Resultat
Perzentil nach korrekt beantworteten Fragen
Ihre Resultats-Entwicklung
Sie haben dieses Quiz seit der letzten Aktualisierung nicht gespielt